000 00752nmc a2200289 a 4500
003 AR-BaBNM
005 20251128204508.0
008 297019s1986 ||||||||||||||000 | spa||
020 _a950-13-9000-4
040 _cAR-BaBNM
100 1 _aZechlin, Katharina
245 1 0 _aEsmaltar
_bun entretenimiento útil
250 _a1ª ed.
260 _aBuenos Aires
_bKapelusz
_c1986
300 0 _a110 p.
_bil., diagr., láms.
490 0 _aCómo hacer
650 4 _aARTESANIAS
650 4 _aENSENANZA DE LA ARTESANIA
650 4 _aMETALES
650 4 _aTRABAJO EN METAL
650 4 _aEDUCACION ARTISTICA
650 4 _aTRABAJO ARTISTICO DEL METAL
650 4 _aGRABADO
700 1 _aBerg, Elizabeth
_etraductor
942 _cBK
998 _cSILVI
999 _c7643
_d7643